000 00801nam a22002057a 4500
999 _c13802
_d13802
003 OSt
005 20190417111048.0
008 190417b ||||| |||| 00| 0 eng d
040 _cUMDC
_d
082 _22008
_aUT 1227
_bUl1
100 _aUlan-ulan, Alberto N., Ang, May Theresa C., and Maquiona, Ellen Fe C.
_938353
245 _aThe services and inmates' condition in provincial rehabilitation center of Matti, Davao del Sure/
_b
_c Alberto N. Ulan-ulan, May Theresa C. Ang, and Ellen Fe C. Maquiona
260 _aDigos City:
_bUMDC
_cOctober 2008
300 _a47 pages.
_c30 cm.
690 _aAB
_vPolitical Science
_xUndergraduate thesis.
_938351
700 _aUlan-ulan, Alberto N.
_95723
700 _aAng, May Theresa C
_938354
700 _aMaquiona, Ellen Fe C.
_95726
942 _2ddc
_cUT